000
00258nam a22001217a 4500
008
170223b xxu||||| |||| 00| 0 eng d
041
_a
eng
080
_2
4 ED
_a
617
100
_a
5
101
_a
SHK
245
_a
HANBOOK SURGERY
_c
WILSON/J/L
942
_2
udc
_c
BK
999
_c
6153
_d
6153